000 00648nam a2200229Ia 4500
005 20250508165007.0
008 008 250505s9999 xx 000 0 eng d
020 _a978-81-321-0578-7
037 _aTextual
040 _aFEDL
_beng
_cFEDL
041 _aeng
_2eng
084 _a001.42, HEN
_qFEDL
100 _aHenn Matt
245 0 _aCritical introduction to social research.
250 _a2
260 _aNew Delhi, India
_bSage Publications India Pvt. Ltd.
_c2010
300 _axi,356p
365 _aINR
_b45
700 _a Weinstein Mark Foard Nick
_9779654
942 _cTEXL
_h001.42, HEN
999 _c1392535
_d1392535